Billy Joel Lyrics Quiz (Part 31) - Statistics

General Stats
  • This quiz has been taken 32 times
    28 since last reset
  • The average score is 103 of 195
Answer Stats
Answer % Correct
I
100%
the
100%
a
95%
an
90%
And
86%
and
86%
be
76%
is
76%
to
76%
To
76%
you
76%
go
71%
If
71%
if
71%
know
71%
can
67%
for
67%
I’m
67%
in
67%
on
67%
that
67%
from
62%
my
62%
So
62%
Then
62%
this
62%
will
62%
Will
62%
with
62%
all
57%
But
57%
it’s
57%
of
57%
Just
52%
me
52%
time
52%
alone
48%
are
48%
have
48%
I’ve
48%
some
48%
As
43%
day
43%
live
43%
word
43%
at
38%
cause
38%
days
38%
make
38%
been
33%
dream
33%
dream,
33%
has
33%
let
33%
need
33%
than
33%
these
33%
everybody
29%
Everybody
29%
give
29%
home
29%
more
29%
Or
29%
saying
29%
world
29%
away
24%
believe
24%
everywhere
24%
lie
24%
myself
24%
own
24%
words
24%
better
19%
bring
19%
celebration
19%
easier
19%
hope
19%
keep
19%
mind
19%
search
19%
stand
19%
through
19%
which
19%
cold
14%
comfort
14%
crumbling
14%
desperation
14%
ease
14%
games
14%
imaginary
14%
imagination
14%
inspiration
14%
keeping
14%
lose
14%
new
14%
playing
14%
quiet
14%
reality
14%
rely
14%
sleeping
14%
use
14%
wander
14%
While
14%
empty
10%
fantasies
10%
hours
10%
palaces
10%
sand
10%
No matching quizzes found
Score Distribution
Percent of People with Each Score
Percentile by Number Answered
Your Score History
You have not taken this quiz since the last reset